000 00218nam a22001097a 4500
100 _aVygoosky, M
245 _aMathematical Handbook
250 _a1987
260 _bMIR Pub. Moscow
300 _a872
942 _2ddc
_cBK
999 _c11694
_d11694